| 000 | 01255nam a2200265Ia 4500 | ||
|---|---|---|---|
| 999 |
_c56497 _d56497 |
||
| 001 | 23610 | ||
| 003 | GE_BSU | ||
| 005 | 20191029101725.0 | ||
| 008 | 181216s2018||||ge |||||||||||||| ||geo|| | ||
| 020 | _a9789941462764 | ||
| 041 | _ageo | ||
| 080 | _a634.6(213)(075.8)+581.5 ნ-21 | ||
| 100 |
_aნაკაშიძე, ნ.. _95044 |
||
| 245 |
_aსუბტროპიკულ მცენარეთა ეკოლოგია : _bსახელმძღვანელო / _cნ. ნაკაშიძე ; ზ. მიქელაძე, ; ა. მიქელაძე ; რედ : ვ. ცანავა. |
||
| 260 | _aბათუმი | ||
| 264 |
_aბათუმი : _bბათუმის შოთა რუსთაველის სახ. უნ-ტი, _c2018. |
||
| 300 |
_a354გვ.: _bილ ; _c20 სმ. |
||
| 653 | _aსუბტროპიკულ მცენარეთა ეკოლოგია | ||
| 653 | _aმებაღეობა | ||
| 653 | _aსოფლის მეურნეობა | ||
| 700 |
_aმიქელაძე,, ზ _95045 |
||
| 700 |
_a მიქელაძე, ა _95046 |
||
| 700 |
_aცანავა, ვ _eრედაქტორი _95047 |
||
| 942 |
_cBK _2udc |
||